| 000 -LEADER |
| fixed length control field |
01205nam a22002535a 4500 |
| 003 - CONTROL NUMBER IDENTIFIER |
| control field |
OSt |
| 005 - DATE AND TIME OF LATEST TRANSACTION |
| control field |
20260215131107.0 |
| 008 - FIXED-LENGTH DATA ELEMENTS--GENERAL INFORMATION |
| fixed length control field |
010604s1999 enkab 100 0 eng d |
| 020 ## - INTERNATIONAL STANDARD BOOK NUMBER |
| International Standard Book Number |
9780727727862 |
| 042 ## - AUTHENTICATION CODE |
| Authentication code |
lccopycat |
| 245 00 - TITLE STATEMENT |
| Title |
Urban ground engineering : |
| Remainder of title |
proceedings of the international conference organized by the Institution of Civil Engineers and held in Hong Kong, China, on 11-12 November 1998 / |
| Statement of responsibility, etc |
edited by B. Clarke. |
| 260 ## - PUBLICATION, DISTRIBUTION, ETC. (IMPRINT) |
| Place of publication, distribution, etc |
London : |
| Name of publisher, distributor, etc |
Thomas Telford, |
| Date of publication, distribution, etc |
c1999. |
| 300 ## - PHYSICAL DESCRIPTION |
| Extent |
353 p. : |
| Other physical details |
ill., maps ; |
| Dimensions |
25 cm. |
| 504 ## - BIBLIOGRAPHY, ETC. NOTE |
| Bibliography, etc |
Includes bibliographical references. |
| 505 2# - FORMATTED CONTENTS NOTE |
| Formatted contents note |
Pt. 1. Tunnelling. Tunnelling in difficult ground conditions ; Tunnelling in urban areas ; Shotcrete applications -- Pt. 2. Geotechnics. Slopework and site formation ; Deep excavations, foundations and reclamation ; Soft ground and other geotechnical hazards. |
| 650 #4 - SUBJECT ADDED ENTRY--TOPICAL TERM |
| Topical term or geographic name as entry element |
Tunnels |
| Form subdivision |
Congresses. |
| 650 #4 - SUBJECT ADDED ENTRY--TOPICAL TERM |
| Topical term or geographic name as entry element |
Engineering geology |
| Form subdivision |
Congresses. |
| 650 #0 - SUBJECT ADDED ENTRY--TOPICAL TERM |
| Topical term or geographic name as entry element |
Tunneling |
| Form subdivision |
Congresses. |
| 650 #0 - SUBJECT ADDED ENTRY--TOPICAL TERM |
| Topical term or geographic name as entry element |
Engineering geology |
| Form subdivision |
Congresses. |
| 655 #7 - INDEX TERM--GENRE/FORM |
| Genre/form data or focus term |
Conference papers and proceedings. |
| Source of term |
lcgft |
| 700 1# - ADDED ENTRY--PERSONAL NAME |
| Personal name |
Clarke, B. G. |
| Fuller form of name |
(Barry Goldsmith), |
| Dates associated with a name |
1950- |
| 710 2# - ADDED ENTRY--CORPORATE NAME |
| Corporate name or jurisdiction name as entry element |
Institution of Civil Engineers. |
| 942 ## - ADDED ENTRY ELEMENTS (KOHA) |
| Source of classification or shelving scheme |
|